[Event "Hastings Masters 2011-12"]
[Site "Hastings ENG"]
[Date "2012.01.01"]
[Round "5.10"]
[White "Olsarova, Karolina"]
[Black "Das, Arghyadip"]
[Result "0-1"]
[WhiteElo "2167"]
[BlackElo "2470"]
[PlyCount "82"]
[EventDate "2011.12.28"]

1. e4 Nc6 2. Nf3 d6 3. d4 Nf6 4. Nc3 Bg4 5. Be3 e5 6. Bb5 Nd7 7. Bxc6 bxc6 8.
h3 exd4 9. Bxd4 Be6 10. Qe2 c5 11. Be3 Be7 12. Nd5 Bxd5 13. exd5 O-O 14. O-O
Bf6 15. c3 Qb8 16. Rad1 a5 17. Bc1 a4 18. Qd3 Re8 19. Rfe1 Qb7 20. Qf5 Rxe1+
21. Rxe1 Nb6 22. Rd1 Qc8 23. Qd3 Qa6 24. Qf5 Qe2 25. Re1 Qc4 26. Rd1 a3 27. Bg5
axb2 28. Bxf6 gxf6 29. Qxf6 Qe4 30. Qxf7+ Kxf7 31. Ng5+ Kg6 32. Nxe4 Rxa2 33.
Nd2 Ra1 34. Nb1 Nxd5 35. Rf1 c4 36. g3 c5 37. Kg2 Kf5 38. Rg1 Nxc3 39. Nxc3
Rxg1+ 40. Kxg1 d5 41. g4+ Ke5 0-1

[Event "Hastings Masters 2011-12"]
[Site "Hastings ENG"]
[Date "2012.01.01"]
[Round "5.11"]
[White "Shyam, Sundar M"]
[Black "Griffiths, Ryan Rhys"]
[Result "1-0"]
[WhiteElo "2462"]
[BlackElo "2310"]
[PlyCount "71"]
[EventDate "2011.12.28"]

1. e4 c6 2. d4 d5 3. exd5 cxd5 4. c4 Nf6 5. Nc3 Nc6 6. Bg5 dxc4 7. Bxc4 h6 8.
Bh4 Qxd4 9. Qxd4 Nxd4 10. O-O-O e5 11. f4 Bg4 12. Nf3 Nxf3 13. gxf3 Bxf3 14.
fxe5 Bxh1 15. exf6 Bc6 16. Nb5 gxf6 17. Nc7+ Ke7 18. Nxa8 b5 19. Bd5 Bxd5 20.
Rxd5 h5 21. Nc7 Bh6+ 22. Kd1 Bf4 23. Nxb5 Ke6 24. Rd3 Bxh2 25. Nd4+ Ke5 26. Ke2
Bf4 27. Kf3 Bg5 28. Bg3+ Kd5 29. Nf5+ Kc4 30. Rd4+ Kb5 31. Nd6+ Kc5 32. Bf2 Rb8
33. Nxf7 Kb6 34. Nd8 Kc5 35. b3 a5 36. Rd7+ 1-0

[Event "Hastings Masters 2011-12"]
[Site "Hastings ENG"]
[Date "2012.01.01"]
[Round "5.12"]
[White "Massoni, Michael"]
[Black "Pert, Richard G"]
[Result "1-0"]
[WhiteElo "2304"]
[BlackElo "2455"]
[PlyCount "103"]
[EventDate "2011.12.28"]

1. e4 c5 2. Nf3 d6 3. d4 cxd4 4. Nxd4 Nf6 5. Nc3 g6 6. Be3 Bg7 7. f3 Nc6 8. Qd2
O-O 9. Bc4 Bd7 10. O-O-O Ne5 11. Bb3 b5 12. Ncxb5 Qb8 13. Nc3 a5 14. a4 Rc8 15.
g4 Be8 16. h4 Nxf3 17. Nxf3 Nxe4 18. Nxe4 Qxb3 19. Nd4 Qa2 20. Qd3 Qxa4 21. Nc3
Qd7 22. h5 e5 23. hxg6 hxg6 24. Nde2 Qxg4 25. Qxd6 Bc6 26. Rhf1 Qb4 27. Bc5 Qb7
28. Nd5 Bxd5 29. Qxd5 Rab8 30. Qxb7 Rxb7 31. Bd6 e4 32. c3 f5 33. Kc2 Rd7 34.
Bf4 Rcd8 35. Rxd7 Rxd7 36. c4 Rb7 37. Nc3 Kf7 38. c5 Rb4 39. b3 Bd4 40. Na4 Ke6
41. c6 g5 42. Bxg5 Rb8 43. Rd1 Ke5 44. Bf6+ Kd6 45. Bxd4 Kxc6 46. Rf1 Kd5 47.
Bc3 Rf8 48. Bxa5 f4 49. Nc3+ Kd4 50. Bb6+ Ke5 51. Bc7+ Kd4 52. Rxf4 1-0

[Event "Hastings Masters 2011-12"]
[Site "Hastings ENG"]
[Date "2012.01.01"]
[Round "5.13"]
[White "Vovk, Andrey"]
[Black "Britton, Richard L"]
[Result "1-0"]
[WhiteElo "2551"]
[BlackElo "2219"]
[PlyCount "55"]
[EventDate "2011.12.28"]

1. e4 c5 2. Nf3 d6 3. d4 cxd4 4. Nxd4 Nf6 5. Nc3 a6 6. Bg5 e6 7. f4 Nbd7 8. Qe2
Qc7 9. O-O-O b5 10. a3 Rb8 11. Nd5 Qb7 12. Nxf6+ gxf6 13. Bh4 b4 14. a4 b3 15.
Nxb3 Be7 16. Bf2 Nc5 17. Bxc5 dxc5 18. g3 Qc7 19. Nd2 Qa5 20. b3 Qc3 21. Nb1
Qa1 22. Qc4 Rb4 23. Qc3 Qa2 24. Bc4 Bd7 25. f5 Bxa4 26. fxe6 fxe6 27. Bxe6 Bb5
28. Qf3 1-0

[Event "Hastings Masters 2011-12"]
[Site "Hastings ENG"]
[Date "2012.01.01"]
[Round "5.14"]
[White "Shyam, Nikil P"]
[Black "Surendran, N."]
[Result "1/2-1/2"]
[WhiteElo "2482"]
[BlackElo "2207"]
[PlyCount "56"]
[EventDate "2011.12.28"]

1. e4 c5 2. Nf3 d6 3. d4 cxd4 4. Nxd4 Nf6 5. Nc3 a6 6. Be2 e5 7. Nb3 Be7 8. O-O
O-O 9. Kh1 b5 10. a4 Bb7 11. axb5 axb5 12. Rxa8 Bxa8 13. Qd3 Nbd7 14. Rd1 b4
15. Nd5 Nxd5 16. exd5 Nf6 17. Qc4 Qb8 18. Na5 Rc8 19. Nc6 Bxc6 20. dxc6 d5 21.
Qa6 Bc5 22. f3 Qc7 23. Bb5 h6 24. Qb7 Qd8 25. Ba6 Rc7 26. Qb5 e4 27. Bf4 Bd6
28. Be3 exf3 1/2-1/2

[Event "Hastings Masters 2011-12"]
[Site "Hastings ENG"]
[Date "2012.01.01"]
[Round "5.17"]
[White "Rendle, Thomas E"]
[Black "Luaces Rubio, Alfredo"]
[Result "1-0"]
[WhiteElo "2389"]
[BlackElo "2020"]
[PlyCount "39"]
[EventDate "2011.12.28"]

1. e4 e5 2. Nf3 Nc6 3. Bc4 Nf6 4. d3 Be7 5. O-O O-O 6. Re1 d6 7. a4 a6 8. h3
Nd7 9. Nc3 Nc5 10. Nd5 h6 11. c3 Bd7 12. a5 Ne6 13. d4 Ng5 14. Nxe7+ Qxe7 15.
Nxg5 hxg5 16. Qh5 exd4 17. e5 dxe5 18. Bxg5 Qc5 19. Re4 Qxc4 20. Bf6 1-0

[Event "Hastings Masters 2011-12"]
[Site "Hastings ENG"]
[Date "2012.01.01"]
[Round "5.18"]
[White "Jaunooby, Ali R"]
[Black "Knott, Simon J B"]
[Result "0-1"]
[WhiteElo "2144"]
[BlackElo "2332"]
[PlyCount "110"]
[EventDate "2011.12.28"]

1. d4 Nf6 2. Nf3 g6 3. Bf4 Bg7 4. e3 O-O 5. Nbd2 d6 6. h3 Nc6 7. Nc4 Nd7 8. d5
Nce5 9. Nd4 Nxc4 10. Bxc4 Nb6 11. Bb3 Nxd5 12. Bxd5 e5 13. Bg3 exd4 14. exd4
Re8+ 15. Kf1 c6 16. Bb3 Qf6 17. c3 b6 18. Bc4 h5 19. Qd2 Bb7 20. Qf4 d5 21. Bd3
c5 22. Qxf6 Bxf6 23. Bb5 Re6 24. dxc5 bxc5 25. f3 d4 26. Rc1 h4 27. Bf4 g5 28.
Bh2 Ba6 29. a4 Bxb5+ 30. axb5 Rae8 31. g3 d3 32. Rd1 Re2 33. gxh4 gxh4 34. Rg1+
Kh7 35. Bf4 c4 36. Rd2 Re1+ 37. Kf2 R1e2+ 38. Rxe2 Rxe2+ 39. Kf1 Rxb2 40. Rg4
Rxb5 41. Bd2 Rc5 42. Be3 Rd5 43. Bd2 Rc5 44. Be3 Rc6 45. Bd4 Bxd4 46. Rxd4 Kg6
47. Rxh4 a5 48. Rg4+ Kh5 49. Rf4 a4 50. Rf5+ Kh4 51. Kf2 Rd6 52. Ke1 Ra6 53.
Rb5 a3 54. Rb1 a2 55. Ra1 Re6+ 0-1

[Event "Hastings Masters 2011-12"]
[Site "Hastings ENG"]
[Date "2012.01.01"]
[Round "5.19"]
[White "Radovanovic, Jovica"]
[Black "Hagesaether, Arne"]
[Result "1/2-1/2"]
[WhiteElo "2309"]
[BlackElo "2152"]
[PlyCount "60"]
[EventDate "2011.12.28"]

1. Nf3 d5 2. d4 Nf6 3. c4 c6 4. Nc3 a6 5. cxd5 cxd5 6. Bf4 e6 7. e3 Be7 8. Bd3
Nc6 9. Rc1 Nh5 10. Bg3 Nxg3 11. hxg3 h6 12. a3 Bd7 13. Bb1 b5 14. e4 dxe4 15.
Nxe4 Qa5+ 16. Kf1 b4 17. Nc5 Rd8 18. Nxd7 Rxd7 19. Rxc6 Qb5+ 20. Kg1 Qxc6 21.
Ne5 Qb5 22. Nxd7 Qxd7 23. Bc2 Kf8 24. axb4 Bxb4 25. Rh4 Be7 26. Rf4 Bg5 27. Rf3
Ke7 28. Rb3 Rc8 29. Rc3 Rf8 30. Qe2 Bf6 1/2-1/2

[Event "Hastings Masters 2011-12"]
[Site "Hastings ENG"]
[Date "2012.01.01"]
[Round "5.21"]
[White "Roubaud, Alexandre"]
[Black "Longson, Alexander"]
[Result "1/2-1/2"]
[WhiteElo "2086"]
[BlackElo "2281"]
[PlyCount "52"]
[EventDate "2011.12.28"]

1. e4 e5 2. Nf3 Nc6 3. d4 exd4 4. Nxd4 Nf6 5. Nxc6 bxc6 6. e5 Qe7 7. Qe2 Nd5 8.
c4 Nb6 9. Nd2 a5 10. g3 Qe6 11. b3 a4 12. Bb2 Bb4 13. Qe3 axb3 14. axb3 Rxa1+
15. Bxa1 O-O 16. Bd3 d5 17. O-O Bxd2 18. Qxd2 c5 19. cxd5 Qxd5 20. Qc2 g6 21.
Be4 Qe6 22. f4 c4 23. f5 cxb3 24. fxe6 bxc2 25. exf7+ Rxf7 26. Bxc2 Rxf1+
1/2-1/2

[Event "Hastings Masters 2011-12"]
[Site "Hastings ENG"]
[Date "2012.01.01"]
[Round "5.22"]
[White "Bremner, Adam"]
[Black "Snape, Ian L"]
[Result "1-0"]
[WhiteElo "2195"]
[BlackElo "2231"]
[PlyCount "109"]
[EventDate "2011.12.28"]

1. e4 c5 2. Nf3 d6 3. d4 Nf6 4. Nc3 cxd4 5. Nxd4 g6 6. Be3 Bg7 7. f3 O-O 8. Qd2
Nc6 9. O-O-O d5 10. exd5 Nxd5 11. Nxc6 bxc6 12. Bd4 e5 13. Bc5 Be6 14. Ne4 Rb8
15. Bc4 f5 16. Ng5 e4 17. Bb3 Qf6 18. c3 Bh6 19. h4 Rfe8 20. Rhe1 Bf7 21. fxe4
fxe4 22. Bxa7 Rxb3 23. axb3 Qe7 24. Qf2 Ra8 25. Bd4 e3 26. Bxe3 Nxe3 27. Qxe3
Qc7 28. Qe7 Bxg5+ 29. hxg5 Qf4+ 30. Kb1 Qf5+ 31. Re4 Bd5 32. Rxd5 cxd5 33. Qe6+
Kg7 34. Qxf5 gxf5 35. Re5 Kg6 36. Rxd5 Kxg5 37. b4 h5 38. b5 h4 39. c4 Rb8 40.
Kc2 Kf4 41. Kd3 Rg8 42. b6 Rxg2 43. b7 Rg8 44. c5 h3 45. Rd7 Rh8 46. Rh7 Rd8+
47. Kc4 Kg3 48. c6 Rb8 49. c7 Rxb7 50. c8=Q Rxh7 51. Qg8+ Kh2 52. Qxh7 f4 53.
Qh5 Kg3 54. Qg5+ Kf3 55. Qh4 1-0

[Event "Hastings Masters 2011-12"]
[Site "Hastings ENG"]
[Date "2012.01.01"]
[Round "5.23"]
[White "Flear, Glenn C"]
[Black "Marusenko, Petr"]
[Result "1-0"]
[WhiteElo "2472"]
[BlackElo "2198"]
[PlyCount "105"]
[EventDate "2011.12.28"]

1. d4 d5 2. c4 c6 3. Nc3 Nf6 4. e3 Bf5 5. cxd5 Nxd5 6. Nge2 e5 7. dxe5 Qa5 8.
Bd2 Nb4 9. Nd4 Qxe5 10. Nxf5 Qxf5 11. e4 Qg6 12. Be3 Be7 13. a3 N4a6 14. Qb3 b6
15. O-O-O O-O 16. h4 Nc5 17. Qc2 Ne6 18. f4 Bc5 19. Qf2 Bxe3+ 20. Qxe3 Qh6 21.
g3 b5 22. Bh3 a5 23. Rd6 Na6 24. Rxc6 Rac8 25. Rxc8 Rxc8 26. Kb1 Nac5 27. Nd5
Re8 28. Rc1 b4 29. axb4 axb4 30. f5 Qxe3 31. Nxe3 Nb3 32. fxe6 Nxc1 33. Kxc1
fxe6 34. Nc2 Kf7 35. Kd2 Rd8+ 36. Ke3 b3 37. Nd4 e5 38. Nc6 Re8 39. Bd7 Ra8 40.
Nxe5+ Ke7 41. Bc6 Ra1 42. Bd5 Re1+ 43. Kd4 Re2 44. Bxb3 Rxb2 45. Bg8 h6 46. Ke3
Rb1 47. Kf4 Rf1+ 48. Nf3 Ra1 49. Bd5 Ra4 50. Ne5 Kf6 51. h5 Ra1 52. Ng6 Rf1+
53. Kg4 1-0

[Event "Hastings Masters 2011-12"]
[Site "Hastings ENG"]
[Date "2012.01.01"]
[Round "5.24"]
[White "Maciol, Ryszard"]
[Black "Anwesh, Upadhyaya"]
[Result "0-1"]
[WhiteElo "2185"]
[BlackElo "2413"]
[PlyCount "88"]
[EventDate "2011.12.28"]

1. d4 d5 2. c4 c6 3. cxd5 cxd5 4. Nc3 Nf6 5. Bf4 a6 6. e3 Nc6 7. Bd3 Bg4 8. f3
Bh5 9. Nge2 e6 10. Qb3 Na5 11. Qa4+ Nc6 12. Qb3 Na5 13. Qa4+ Nd7 14. Rc1 Rc8
15. O-O Nc4 16. Nd1 Ncb6 17. Qb3 Rxc1 18. Nxc1 Qc8 19. e4 dxe4 20. Bxe4 Bg6 21.
Rf2 Bxe4 22. fxe4 e5 23. Bg5 Qc4 24. Qxc4 Nxc4 25. Rc2 Nd6 26. Nd3 f6 27. dxe5
Nxe5 28. Nxe5 fxe5 29. Nf2 Kd7 30. Kf1 Nf7 31. Be3 Bd6 32. Nd3 Nd8 33. Nc5+
Bxc5 34. Bxc5 Nf7 35. Rd2+ Ke6 36. Ke2 Rc8 37. b4 Rc6 38. a4 b6 39. Be3 Nd6 40.
Kf3 Rc3 41. Ke2 Rc4 42. a5 bxa5 43. bxa5 Rxe4 44. Kf3 Rxe3+ 0-1

[Event "Hastings Masters 2011-12"]
[Site "Hastings ENG"]
[Date "2012.01.01"]
[Round "5.25"]
[White "Karthikeyan, Murali"]
[Black "Krishna, C.R.G."]
[Result "1-0"]
[WhiteElo "2154"]
[BlackElo "2305"]
[PlyCount "59"]
[EventDate "2011.12.28"]

1. e4 e6 2. d4 d5 3. Nd2 Nf6 4. e5 Nfd7 5. Bd3 c5 6. c3 Nc6 7. Ne2 cxd4 8. cxd4
f6 9. exf6 Nxf6 10. Nf3 Bd6 11. O-O Qc7 12. Bg5 O-O 13. Rc1 Bd7 14. Ng3 Bf4 15.
Bxf4 Qxf4 16. Re1 Rac8 17. h3 Nxd4 18. Rxc8 Bxc8 19. Nxd4 e5 20. Nde2 Qb4 21.
b3 h5 22. Nf1 Qb6 23. Ne3 Be6 24. Ng3 Qa5 25. Bb1 Rd8 26. Nef5 d4 27. Ne7+ Kf7
28. Ng6 Rd5 29. f4 e4 30. Ne5+ 1-0

[Event "Hastings Masters 2011-12"]
[Site "Hastings ENG"]
[Date "2012.01.01"]
[Round "5.26"]
[White "Rudd, Jack"]
[Black "Lock, Gavin R"]
[Result "0-1"]
[WhiteElo "2290"]
[BlackElo "2157"]
[PlyCount "84"]
[EventDate "2011.12.28"]

1. d4 d5 2. c4 c6 3. Nf3 Nf6 4. Nc3 dxc4 5. a4 Bf5 6. Ne5 Nbd7 7. Nxc4 Nb6 8.
Ne5 a5 9. f3 Nfd7 10. Nd3 Bxd3 11. Qxd3 e5 12. Be3 Bb4 13. dxe5 Qe7 14. Bxb6
Nxb6 15. Qd4 Nd7 16. f4 O-O-O 17. g3 Nc5 18. Qc4 g5 19. Bh3+ Kb8 20. O-O gxf4
21. Qxf4 Rhe8 22. e6+ Ka8 23. exf7 Rf8 24. Qf6 Qxf6 25. Rxf6 Bxc3 26. bxc3 Ne4
27. Rf5 Nxc3 28. Bg4 Kb8 29. Bh5 Rd5 30. Rxd5 Nxd5 31. Rf1 Kc7 32. Rf5 Kd6 33.
Rg5 b5 34. Bf3 bxa4 35. Rg4 Nb4 36. Rg5 c5 37. Rg8 Rxf7 38. Ra8 a3 39. Rxa5 a2
40. Kg2 Rc7 41. e4 c4 42. e5+ Ke7 0-1

[Event "Hastings Masters 2011-12"]
[Site "Hastings ENG"]
[Date "2012.01.01"]
[Round "5.28"]
[White "Green, Andrew D"]
[Black "Prosviriakov, Vladimir"]
[Result "0-1"]
[WhiteElo "2145"]
[BlackElo "2274"]
[PlyCount "90"]
[EventDate "2011.12.28"]

1. e4 e5 2. Nf3 Nc6 3. d4 exd4 4. Bc4 d6 5. Nxd4 g6 6. Nc3 Bg7 7. Be3 Nf6 8. f3
O-O 9. Qd2 a6 10. O-O-O Ne5 11. Be2 b5 12. Nb3 b4 13. Nd5 Nxd5 14. exd5 Re8 15.
h3 c5 16. dxc6 Nxc6 17. Bc4 Qf6 18. Bd4 Nxd4 19. Qxd4 Qg5+ 20. Qd2 Qh4 21. g4
Qf6 22. Nd4 Bb7 23. Rhf1 Rac8 24. Bb3 a5 25. g5 Qe5 26. f4 Qc5 27. f5 Bd5 28.
fxg6 hxg6 29. Qf2 Bxb3 30. axb3 Qxg5+ 31. Kb1 Rc7 32. h4 Qc5 33. h5 Qxh5 34.
Rh1 Qc5 35. Rh4 Qe5 36. Rdh1 Rce7 37. c4 Qf6 38. Rf4 Qg5 39. Rf1 f5 40. Qg1 Qf6
41. Ka2 Re4 42. Rxe4 Rxe4 43. Nb5 a4 44. bxa4 Rxc4 45. Qg2 Qe6 0-1

[Event "Hastings Masters 2011-12"]
[Site "Hastings ENG"]
[Date "2012.01.01"]
[Round "5.29"]
[White "Sreeves, Clement"]
[Black "Burnett, Jim"]
[Result "1/2-1/2"]
[WhiteElo "2247"]
[BlackElo "2137"]
[PlyCount "49"]
[EventDate "2011.12.28"]

1. e4 e6 2. d4 d5 3. Nc3 Bb4 4. e5 c5 5. a3 Bxc3+ 6. bxc3 Qa5 7. Bd2 Qa4 8. Qg4
Kf8 9. Qd1 Nc6 10. Nf3 c4 11. h4 Nge7 12. g3 Bd7 13. Bh3 h6 14. O-O Ke8 15. Ne1
Kd8 16. Ng2 Kc7 17. Ne3 Raf8 18. Qg4 Rhg8 19. Qh5 Be8 20. Qe2 Bd7 21. Kh2 Kb8
22. Be1 Ka8 23. f3 Qa5 24. g4 f6 25. f4 1/2-1/2

[Event "Hastings Masters 2011-12"]
[Site "Hastings ENG"]
[Date "2012.01.01"]
[Round "5.30"]
[White "Almond, Richard J"]
[Black "Talsma, Paul"]
[Result "1/2-1/2"]
[WhiteElo "2115"]
[BlackElo "2246"]
[PlyCount "88"]
[EventDate "2011.12.28"]

1. d4 f5 2. g3 Nf6 3. Bg2 g6 4. Nf3 Bg7 5. O-O O-O 6. c4 d6 7. Nc3 Qe8 8. d5 a5
9. Be3 Na6 10. Qd2 Ng4 11. Bf4 Bd7 12. e4 Nc5 13. Rfe1 Ne5 14. Nxe5 dxe5 15.
Be3 Na6 16. Rad1 Qf7 17. exf5 gxf5 18. f4 e4 19. a3 b6 20. Qf2 Rab8 21. Bf1 Bf6
22. Nb5 Qg7 23. Rd2 Kh8 24. Rb1 Rg8 25. Be2 Rb7 26. b4 axb4 27. axb4 e6 28.
dxe6 Bxe6 29. Nd4 Bd7 30. Nc2 Nb8 31. b5 Ra7 32. Nb4 Qf7 33. Nd5 Bg7 34. Bd4
Be6 35. Bxg7+ Qxg7 36. Qd4 Nd7 37. Qxg7+ Kxg7 38. Ne7 Rga8 39. Nc6 Ra2 40. Rbd1
Nc5 41. Nb4 Rxd2 42. Rxd2 Kf7 43. h3 Nb7 44. Na6 Rc8 1/2-1/2

[Event "Hastings Masters 2011-12"]
[Site "Hastings ENG"]
[Date "2012.01.01"]
[Round "5.31"]
[White "Eames, Robert S"]
[Black "Helbig, Paul D"]
[Result "1-0"]
[WhiteElo "2241"]
[BlackElo "2128"]
[PlyCount "47"]
[EventDate "2011.12.28"]

1. e4 g6 2. d4 d6 3. Nc3 Bg7 4. f4 Nf6 5. Nf3 c5 6. dxc5 Qa5 7. Qd4 Nc6 8. Bb5
O-O 9. Qa4 Qxa4 10. Bxa4 dxc5 11. e5 Nd7 12. Be3 f6 13. Bb3+ Kh8 14. e6 Ndb8
15. Bxc5 b6 16. Ba3 Na5 17. Bd5 Bb7 18. O-O-O Na6 19. Bxb7 Nxb7 20. Rhe1 Rfe8
21. Nd5 Bf8 22. Nd4 Rac8 23. Nb5 Rc4 24. b3 1-0

[Event "Hastings Masters 2011-12"]
[Site "Hastings ENG"]
[Date "2012.01.01"]
[Round "5.32"]
[White "Olsarova, Tereza"]
[Black "Lasinskas, Povilas"]
[Result "0-1"]
[WhiteElo "2232"]
[BlackElo "2122"]
[PlyCount "84"]
[EventDate "2011.12.28"]

1. b3 e5 2. Bb2 Nc6 3. e3 d5 4. Bb5 Bd6 5. f4 Qe7 6. Nf3 Bg4 7. fxe5 Bxe5 8.
Nc3 Nf6 9. O-O O-O 10. h3 Bxf3 11. Qxf3 Rad8 12. Rae1 Ne4 13. d4 Ng5 14. Qf5 g6
15. Qf2 Bg7 16. h4 Ne6 17. Qf3 Qd6 18. Nb1 Ncxd4 19. exd4 Bxd4+ 20. Bxd4 Nxd4
21. Qf2 Nxb5 22. a4 Na3 23. Nxa3 Qxa3 24. Qxa7 Qb4 25. Qf2 Rd7 26. h5 Qg4 27.
hxg6 hxg6 28. Re3 Qd4 29. Rh3 Qxf2+ 30. Kxf2 Re7 31. Rd1 c6 32. Rc3 Rfe8 33. b4
Re2+ 34. Kf3 R2e4 35. b5 Rxa4 36. bxc6 bxc6 37. Rxc6 Re5 38. g3 Rf5+ 39. Kg2
Re4 40. Rc5 Re2+ 41. Kh3 Rh5+ 42. Kg4 Rf2 0-1

[Event "Hastings Masters 2011-12"]
[Site "Hastings ENG"]
[Date "2012.01.01"]
[Round "5.33"]
[White "Ledger, Dave J"]
[Black "Pon, NKrithika"]
[Result "0-1"]
[WhiteElo "2228"]
[BlackElo "2091"]
[PlyCount "52"]
[EventDate "2011.12.28"]

1. e4 Nf6 2. e5 Nd5 3. d4 d6 4. c4 Nb6 5. f4 dxe5 6. fxe5 Bf5 7. Nc3 Nc6 8. Be3
e6 9. Nf3 Be7 10. d5 exd5 11. cxd5 Nb4 12. Nd4 Bd7 13. Qf3 c5 14. dxc6 Nxc6 15.
e6 fxe6 16. O-O-O Nxd4 17. Bxd4 Bf6 18. Qxb7 Bxd4 19. Rxd4 O-O 20. Bd3 e5 21.
Rd6 Rb8 22. Qe4 Qg5+ 23. Kb1 Bf5 24. Qf3 Nc4 25. h4 Qd2 26. b3 Qb2# 0-1

[Event "Hastings Masters 2011-12"]
[Site "Hastings ENG"]
[Date "2012.01.01"]
[Round "5.35"]
[White "Lakshmi, Sahiti P"]
[Black "Anderson, John"]
[Result "0-1"]
[WhiteElo "2110"]
[BlackElo "2202"]
[PlyCount "92"]
[EventDate "2011.12.28"]

1. e4 c5 2. Nf3 Nc6 3. d4 cxd4 4. Nxd4 Nf6 5. Nc3 d6 6. Bg5 e6 7. Qd2 a6 8.
O-O-O Bd7 9. f3 Be7 10. g4 Rc8 11. Be3 b5 12. Nxc6 Rxc6 13. Ne2 e5 14. Nc3 Be6
15. g5 Nd7 16. Nd5 Bxd5 17. Qxd5 Qc7 18. Rd2 O-O 19. h4 Rc8 20. Rhh2 Nb6 21.
Bxb6 Qxb6 22. Qb3 a5 23. Qxb5 Qe3 24. Kd1 Rb6 25. Qd3 Qf4 26. c4 Rbc6 27. b3 a4
28. Bh3 R8c7 29. Bg4 g6 30. Rhg2 h5 31. gxh6 Bxh4 32. Bf5 Bg5 33. Qf1 Kh7 34.
Qg1 Qxf3+ 35. Rge2 Bxd2 36. Kxd2 Qf4+ 37. Kd3 axb3 38. Rf2 Qh4 39. Rg2 d5 40.
axb3 dxc4+ 41. bxc4 Qd8+ 42. Ke2 Rb7 43. Qa1 Qd4 44. Qa8 Rb2+ 45. Ke1 Qe3+ 46.
Kd1 Qd3+ 0-1

[Event "Hastings Masters 2011-12"]
[Site "Hastings ENG"]
[Date "2012.01.01"]
[Round "5.36"]
[White "Pickersgill, Adrian O"]
[Black "Rolvag, Mikael"]
[Result "1-0"]
[WhiteElo "1990"]
[BlackElo "2201"]
[PlyCount "55"]
[EventDate "2011.12.28"]

1. e4 c5 2. Nf3 Nc6 3. Bb5 g6 4. Bxc6 dxc6 5. d3 Bg7 6. h3 Nf6 7. Nc3 Nd7 8.
Be3 e5 9. Qd2 h6 10. O-O Qe7 11. a4 a5 12. Rae1 Nf8 13. Nh2 Ne6 14. Ne2 b6 15.
f4 exf4 16. Nxf4 Nxf4 17. Bxf4 Be6 18. Nf3 O-O-O 19. Be5 f6 20. Bc3 g5 21. Qe3
Kb7 22. d4 c4 23. d5 Bd7 24. Qd4 cxd5 25. Qxd5+ Bc6 26. Qxc4 Rc8 27. Nd4 Bxe4
28. Qe6 1-0

[Event "Hastings Masters 2011-12"]
[Site "Hastings ENG"]
[Date "2012.01.01"]
[Round "5.37"]
[White "Briscoe, Chris"]
[Black "Barton, R Alan"]
[Result "1-0"]
[WhiteElo "2220"]
[BlackElo "2073"]
[PlyCount "85"]
[EventDate "2011.12.28"]

1. c4 d6 2. Nc3 e5 3. g3 Nc6 4. Bg2 Be6 5. d3 Qd7 6. b4 g6 7. b5 Nd8 8. Nf3 Bh3
9. O-O Bg7 10. Bb2 Ne7 11. Re1 Bxg2 12. Kxg2 O-O 13. a4 Ne6 14. e3 f5 15. d4 e4
16. Ng1 g5 17. g4 d5 18. gxf5 Rxf5 19. cxd5 Nxd5 20. Nxe4 Raf8 21. Qb3 Kh8 22.
Ba3 R8f7 23. Ra2 g4 24. Ng3 Rf3 25. Nxf3 gxf3+ 26. Kh1 Ng5 27. Qd3 Qh3 28. Qf1
Qh4 29. e4 Nc3 30. Raa1 Ne2 31. Nxe2 fxe2 32. Rxe2 Nf3 33. Qg2 Nxd4 34. Rd2 Be5
35. f4 Rxf4 36. Rg1 Qd8 37. Bb2 Rf8 38. Bxd4 Bxd4 39. Rgd1 Rg8 40. Rxd4 Qf6 41.
Qe2 Qh4 42. e5 Qg5 43. e6 1-0

[Event "Hastings Masters 2011-12"]
[Site "Hastings ENG"]
[Date "2012.01.01"]
[Round "5.39"]
[White "Kurka, Dieter"]
[Black "Stewart, Neil"]
[Result "0-1"]
[WhiteElo "2058"]
[BlackElo "2299"]
[PlyCount "88"]
[EventDate "2011.12.28"]

1. d4 d5 2. Nf3 Nf6 3. Bf4 c5 4. e3 Nc6 5. c3 cxd4 6. exd4 Bg4 7. Nbd2 e6 8.
Qb3 Qc8 9. Bd3 Be7 10. O-O Bh5 11. Rac1 O-O 12. Ne5 Nxe5 13. dxe5 Nd7 14. Qc2
Bg6 15. Nf3 b5 16. Rfe1 Bxd3 17. Qxd3 Qc4 18. Qxc4 bxc4 19. b4 cxb3 20. axb3
Nc5 21. Red1 Nxb3 22. Rb1 Rfb8 23. Nd4 Nxd4 24. cxd4 Rxb1 25. Rxb1 a5 26. Ra1
a4 27. Kf1 a3 28. Ke2 h5 29. h3 Kh7 30. Kd3 Kg6 31. Bd2 h4 32. Be3 Bg5 33. Ra2
Be7 34. Ra1 Kf5 35. Bd2 Rb8 36. Bc1 Rb7 37. Be3 Rb2 38. Bd2 Bg5 39. Bxg5 Kxg5
40. Ke3 a2 41. Kf3 Rb3+ 42. Ke2 Ra3 43. f3 Kf4 44. Kf2 g5 0-1

[Event "Hastings Masters 2011-12"]
[Site "Hastings ENG"]
[Date "2012.01.01"]
[Round "5.40"]
[White "Olson, Hamish"]
[Black "Repplinger, Marc"]
[Result "1-0"]
[WhiteElo "1965"]
[BlackElo "2241"]
[PlyCount "71"]
[EventDate "2011.12.28"]

1. e4 e6 2. d3 d5 3. Qe2 Nf6 4. Nf3 Be7 5. g3 c5 6. Bg2 Nc6 7. O-O b5 8. e5 Nd7
9. h4 a5 10. c3 a4 11. Bf4 Nb6 12. Nbd2 Ba6 13. b3 Ra7 14. Bg5 Qa8 15. Bxe7
Nxe7 16. b4 Rc7 17. Rfd1 Nd7 18. Nf1 Qc8 19. Ne3 O-O 20. h5 d4 21. cxd4 cxd4
22. Nxd4 Nxe5 23. h6 Rd8 24. Nef5 N7g6 25. Nxg7 Rxd4 26. f4 Rc2 27. Qe3 Rxb4
28. fxe5 Bb7 29. Be4 Rbb2 30. a3 Qc7 31. d4 Re2 32. Rac1 Qb8 33. Qc3 Bxe4 34.
Nh5 Rh2 35. Nf6+ Kf8 36. Qc8+ 1-0

[Event "Hastings Masters 2011-12"]
[Site "Hastings ENG"]
[Date "2012.01.01"]
[Round "5.41"]
[White "Sugden, John N"]
[Black "Duff, Rufus"]
[Result "0-1"]
[WhiteElo "2180"]
[BlackElo "2088"]
[PlyCount "74"]
[EventDate "2011.12.28"]

1. d4 d5 2. c4 c6 3. Nf3 Nf6 4. Nc3 e6 5. cxd5 exd5 6. Bg5 Nbd7 7. e3 Be7 8.
Bd3 O-O 9. Qc2 Re8 10. O-O Nf8 11. Rab1 h6 12. Bxf6 Bxf6 13. b4 a6 14. Na4 Bg4
15. Nd2 Be7 16. Nc5 Ra7 17. Bf5 Bh5 18. Ndb3 Bd6 19. a3 g6 20. Bd3 Nh7 21. Be2
Qh4 22. g3 Qh3 23. Bxh5 gxh5 24. Qe2 h4 25. Nd2 Kh8 26. Nd3 Raa8 27. Qf3 Re6
28. Nf4 Bxf4 29. Qxf4 Rg8 30. Nf3 Rg4 31. Qb8+ Kg7 32. Rbe1 Rf6 33. Qe5 Ng5 34.
Nxg5 Rxg5 35. Qe7 Rgf5 36. Re2 hxg3 37. hxg3 Rh5 0-1

[Event "Hastings Masters 2011-12"]
[Site "Hastings ENG"]
[Date "2012.01.01"]
[Round "5.43"]
[White "Bourached, Anthony"]
[Black "McKenna, Jason P"]
[Result "0-1"]
[WhiteElo "1895"]
[BlackElo "2110"]
[PlyCount "76"]
[EventDate "2011.12.28"]

1. d4 g6 2. c4 Bg7 3. Nf3 Nf6 4. g3 O-O 5. Bg2 d6 6. Nc3 Na6 7. O-O c5 8. d5
Nc7 9. e4 a6 10. a4 Rb8 11. Qe2 b5 12. e5 Ng4 13. Bf4 bxc4 14. Rab1 Bf5 15.
Qxc4 dxe5 16. Bd2 e4 17. Nh4 Bd4 18. Nxe4 Ne5 19. Qc2 Bxe4 20. Qxe4 f5 21. Qe2
Nxd5 22. Bh6 Rf6 23. Nf3 Nxf3+ 24. Bxf3 Rf7 25. Qxa6 e5 26. Qe6 e4 27. Bxe4
fxe4 28. Qxe4 Nf6 29. Qc2 Ng4 30. Bf4 Rxf4 31. gxf4 Qh4 32. Kg2 Bxf2 33. Qxf2
Qxh2+ 34. Kf3 Rb3+ 35. Ke2 Nxf2 36. Rxf2 Qh5+ 37. Kd2 Qd5+ 38. Kc1 Qc4+ 0-1

[Event "Hastings Masters 2011-12"]
[Site "Hastings ENG"]
[Date "2012.01.01"]
[Round "5.44"]
[White "Bharathi, R."]
[Black "Armstrong, Malcolm J"]
[Result "1-0"]
[WhiteElo "2094"]
[BlackElo "2016"]
[PlyCount "68"]
[EventDate "2011.12.28"]

1. e4 c6 2. d4 d5 3. Nc3 dxe4 4. Nxe4 Bf5 5. Ng3 Bg6 6. Bc4 e6 7. N1e2 Nd7 8.
O-O Ngf6 9. f4 Nb6 10. Bb3 c5 11. c3 Qd7 12. a4 a5 13. f5 Bxf5 14. Nxf5 exf5
15. Ng3 g6 16. Qe2+ Be7 17. dxc5 Nbd5 18. Kh1 O-O 19. Bh6 Rfe8 20. Qd2 Kh8 21.
Rad1 Rad8 22. Qd4 Qc6 23. Bg5 Kg8 24. Qc4 Rf8 25. Rfe1 Ng4 26. Rxd5 Rxd5 27.
Rxe7 Rxc5 28. Qd4 Re5 29. Rxe5 Nxe5 30. Qxe5 Re8 31. Qf4 Re1+ 32. Nf1 Qe4 33.
Kg1 Qd3 34. Bc4 Qd6 1-0